01303nam a2200229Ia 4500952010300000952009100103999001700194008004100211020001500252050001500267100004000282245012100322260004300443300001800486500008200504505032200586519006200908650003000970650002601000700004001026942000701066 00104070a11b11d2015-09-07l1oLC191 A55p11 012637r2019-10-28s2019-10-28t1w2015-09-07yLB 00104070a11b11d2015-09-07l0oLC191 A55p11 012638r2015-09-07t2w2015-09-07yLB c68076d68076120626s2002 mx 000 0 spa d a9682430380 aLC191bA55 aAlmaguer Salazar, Teresa E. eautor aFundamentos sociales y psicológicos de la educaciónc / Teresa E. Almaguer Salazar; Aurora E. Elizondo Huerta  aMéxico b: Editorial Trillasc, 2002 a125 páginas aIncluye: Indice de contenido, Agradecimientos, Presentación, Bibliografía aTeoría moderna y funciones de la educación La educación en la región latinoamericana Políticas internacionales y educación en América Latina Psicología educativa: modelos básicos El Desarrollo humano y las diferencias individuales Evaluación y medición en el aprendizaje y la instrucción aMaterial Complementario / bPedagogía / d(11 12637)  0aPSICOLOGÍA PEDAGÓGICA 0aEDUCACION Y SOCIEDAD aElizondo Huerta, Aurora E. eautor cLB